| 000 | 00424nam a2200181Ia 4500 | ||
|---|---|---|---|
| 003 | OSt | ||
| 005 | 20220826150746.0 | ||
| 008 | 210210b1954 xxu||||| |||| 00| 0 eng d | ||
| 040 | _cAL | ||
| 041 | _aeng | ||
| 082 | _a425/186 | ||
| 100 |
_aMcMORDIE (W) _955661 |
||
| 245 | _aEnglish idioms | ||
| 260 |
_aBombay _bAt the University Press _c1954 |
||
| 690 |
_aEnglish Grammar _955662 |
||
| 906 | _a005962 | ||
| 942 |
_2ddc _cBK |
||
| 999 |
_c128980 _d128980 |
||